U.S. States Simplified To Hexagons - Statistics

General Stats
  • This quiz has been taken 16,314 times
  • The average score is 14 of 20
Answer Stats
Picture Answer % Correct
California
98%
Oklahoma
97%
Tennessee
94%
Idaho
85%
Vermont
85%
Nebraska
83%
Virginia
81%
Minnesota
77%
Arizona
73%
New York
71%
Illinois
70%
Georgia
68%
Washington
67%
Maryland
66%
Pennsylvania
66%
Iowa
58%
North Carolina
58%
Rhode Island
50%
South Dakota
50%
Texas
32%
No matching quizzes found
Score Distribution
Percent of People with Each Score
Percentile by Number Answered
Your Score History
You have not taken this quiz